000 00633nam a2200229 a 4500
008
020 _a0340927305 (pbk.)
049 _aMAIN
090 _aTX354
_bBEA
100 1 _aBearden,Sarah.
245 1 0 _aNutrition in essence /
_cSarah Bearden.
260 _aLondon :
_bHodder Arnold,
_c2006.
300 _avi,143p. :
_bcol. ill. ;
_c24 cm.
504 _aIncludes bibliographical references.
500 _aIncludes index.
650 1 _aNutrition.
907 _a.b1026369x
_b10-09-09
_c23-06-09
003
005 20230123124938.0
040 _cNUST
942 _cBOOKS
_kTX354
_mBEA
999 _c133031
_d133031